000
00326nam a22001457a 4500
020
_a
1-930665-05-09
041
_a
ENG
100
_a
Thornley.J.H.M
245
_a
Plant and Crop Modelling
260
_a
New Jersey
_b
The Blakburn Press
_c
2000
300
_a
669
650
_a
GAE
700
_a
Johnson.I.R
856
_u
M.Tech ( 7 )
999
_c
1077
_d
1077